Consumer Value : a framework for analysis and research

Saved in:
Bibliographic Details
Other Authors: Holbrook, Morris B. (Translator)
Format: Book
Language:English
Published: London : Routledge, 1999
Series:Routledge interpretive market research series
Subjects:
Tags: Add Tag
No Tags, Be the first to tag this record!

MARC

LEADER 00000nam a2200000 i 4500
001 1/94262
008 991126s1999 eng d
020 |a 0-415-19193-9 
035 |l 10054736 
040 |a GR-MY-UA  |b gre  |e aacr 
041 0 |a eng 
082 0 |a 658.8342 
245 1 0 |a Consumer Value :  |b a framework for analysis and research /  |c Edited by:Morris B. Holbrook 
260 |a London :   |b Routledge,   |c 1999 
490 1 |a Routledge interpretive market research series 
504 |a Includes bibliographical references and index 
650 0 0 |a Consumer behavior. 
650 0 0 |a Consumers  |x Research  |x Methodology. 
700 0 |a Holbrook, Morris B.  |4 trl 
830 0 |a Routledge interpretive market research series 
852 |a INST  |b CHIOS  |e 19991126  |h 658.8342 CON  |p 005200014252  |q 005200014252  |t BK  |y 0 
901 |a BIBLI2-1999-3 
909 |a Χ  |b 070115 
922 |a 2ΕΛΗ  |b 199911  |c ΤΝΕΥ  |d ΠΑΠΑΣΩΤΗΡΙΟΥ 
950 |a 125-1999-07-15 
970 |a ΠΟΥΛΑΚΗ  |b ΣΤΕΛΛΑ  |z 1999/12/01